000 00598nam a2200229Ia 4500
005 20260320202119.0
008 008 262003s9999 xx 000 0 eng d
037 _aEBOOK
040 _aCRL
040 _beng
040 _cCRL
041 _2eng
041 _aeng
084 _qCRL
100 _aVogel-Heuser
_91136820
245 0 _aSystem Engineering with SysML: Mechatronic Production Systems and Model-Based Engineering
260 _bIEEE
856 _uhttps://ieeexplore.ieee.org/servlet/opac?bknumber=11049586
942 _cEBOOK
999 _c1725451
_d1725451